000 00589cam a22002171a 4500
001 000006140
005 20200929151940.0
008 860531s1961 ag 000 p spa
010 _a63033003
035 _a(OCoLC)13671981
040 _aDO-SdBNP
_cRQA
_dDLC
041 _aBNGR
042 _apremarc
050 0 0 _aPQ7797.D3975
_bP6
082 _axxx
_bD448c
100 1 _aDescotte, Mario Luis
_917269
245 1 0 _aPoema para un desconocido /
_cMario Luis Descotte.
260 _aBuenos Aires :
_bGalatea,
_c1961.
300 _a76 p. ;
_c21 cm.
910 _aCatalogación por copia / LC
999 _c5936
_d5936